Political Parties of Canada Quiz - Statistics

General Stats
  • This quiz has been taken 62 times
  • The average score is 10 of 18
Answer Stats
Hint Answer % Correct
Primary opposition party. Conservative Party of Canada
100%
Canada's largest environmentalist party. Green Party of Canada
100%
Party of the current government. Liberal Party of Canada
100%
Party devoted to an Independant Quebec Bloc Quebecois
90%
A social democratic party. New Democratic Party
86%
Second oldest active party in Canada. Is far left. Communist Party of Canada
71%
A far right party with a misleading name. People's Party of Canada
62%
Party that believes in economic liberalism. Libertarian Party of Canada
52%
Ok now this one is just silly... Rhinoceros
52%
A socially conservative and christian party. Christian Heritage Party of Canada
50%
Believes in the legalization of a certain drug. Marijuana Party
48%
A group of senators who are progressive. Progressive Senator Group
43%
Another far left party. Marxist-Leninist Party of Canada
34%
A party who primarily focuses on animal rights. Animal Protection Party of Canada
33%
Seeks either independance or increased benefits for Western Canada. Maverick Party
19%
A non partisan group of senators. Independant Senator Group
16%
Another group of non partisan senators Canadian Senators Group
10%
Far right nationalist party. National Citizens Alliance
0%
No matching quizzes found
Score Distribution
Percent of People with Each Score
Percentile by Number Answered
Your Score History
You have not taken this quiz